000 00799nam a22002417a 4500
003 UA-OsUOA
001 49282
007 ta
008 20131217b un ||||| |||| 00| 0 ukr d
100 _aОксаненко П.
090 _a09.-81'36
_bО-52
942 _cBR
040 _aUA-OsUOA
_bukr
_cUA-OsUOA
_dUA-OsUOA
245 _aУкраїнський правопис: найголовніші правила українського правопису в зв'язку з граматикою
300 _a53 с.
955 _a2
041 _aukr
080 _a09.-81'36
260 _aАугсбург
_c1946
650 7 _a0 Загальний відділ.
_2UDC
999 _c429380
_d429380